000 00285nam a2200109Ia 4500
008 201216s9999 xx 000 0 und d
100 _aGillmer, Thomas C. ; Johnson, Bruce
245 0 _aIntroduction To Naval Architecture
260 _aLondon
_bE & F N Spon
300 _a324
942 _cBK
999 _c6303
_d6303